Geshin: Signaturwaffen - Statistiken

Allgemein
  • Dieses Quiz wurde 6 mal gespielt
  • Das Durchschnittsergebnis liegt bei 13 aus 16
Antwortstatistiken
Bildquiz Antwort % Korrekt
Ineffa
100%
Raiden Shogun
100%
Chasca
83%
Citlali
83%
Clorinde
83%
Kinich
83%
Mavuika
83%
Navia
83%
Nilou
83%
Sangonomiya Kokomi
83%
Shenhe
83%
Wriothesley
83%
Xilonen
83%
Yumemizuki Mizuki
83%
Émilie
67%
Sigewinne
67%
Keine übereinstimmenden Quizze gefunden
Verteilung der Resultate
Anzahl Personen mit jedem Resultat
Perzentil nach korrekt beantworteten Fragen
Ihre Resultats-Entwicklung
Sie haben dieses Quiz noch nicht gespielt